1031 1331 1136 1093 1208 1311 1518 1570 1923 1367 1008 2000 1526 1300 1607 1104 1725 1613 1122 1926 1442 1939 1947 1755 1680 1442 1154 1929 1810 1411 1640 1054 1951 1225 1373 1403 1388 1775 1850 1203 1651 1217 1087 1486 1374 1313 1413 1378 1034 1436 1756 1222 1179 1478 1526 1558 1326 1983 1920 1311 1365 1307 1993 1141 1290 1434 1415 1189 1654 1623 1348 1358 1956 1088 1809 1169 1023 1953 1163 1042 1671 1499 1133 1681 1356 1969 1484 1379 1666 1315 1867 1649 1961 1907 1695 1577 1426 1451 1765 BCNSPRNW ULIB Ver.6.0+V

เปลี่ยนเป็นภาษาไทย

Change to English
 แสดงรายละเอียดบรรณานุกรม
  กลับหน้าหลัก

Brief Record : Get Marc (ISO 2709) : E-mail record : QR code < ปิดหน้าต่าง
LEADER : 00000nam 2200000uu 4500
001    13399110952
003     ULIB
008    110614s||||||||th 000 0 tha d
020    9747521326
050  4 AC159^bช498อ 2545
100 0  ชาติ ภิรมย์กุล
245 00 กรุงเทพฯ-ร้าย-รัก/^cชาติ ภิรมย์กุล
260    กรุงเทพฯ :^bแพรวสำนักพิมพ์,^c2545
300    พิมพ์ครั้งที่ 1
650  7 รวมเรื่อง
650  7 กรุงเทพฯ
945    ^p165^l0^i015932
945    ^p165^l0^i015931
995    ทศพร
999 ^a ใช้งานได้ทุกระบบ
รายการนี้ยังไม่มีแท็ก
คุณยังไม่ได้ล็อกอิน คุณสามารถมีกิจกรรมร่วมกับเว็บไซต์ได้ แต่ต้องล็อกอินก่อน ::
  ล็อกอิน

รายการสื่อสารสนเทศ

ลำดับที่ ประเภท เลขเรียก/บาร์โค้ด สถานที่ สถานะ
- ไม่พบข้อมูล -

รายการใกล้เคียง
    ผู้แต่ง [ชาติ ภิรมย์กุล]

    หัวเรื่อง [รวมเรื่อง]
    หัวเรื่อง [กรุงเทพฯ]

BibComment


ยังไม่เคยถูกคอมเมนท์

คอมเมนท์ทรัพยากรรายการนี้
  คอมเมนท์: กรุงเทพฯร้ายรัก ช..


 Copyright 2026. Bcnsprnw @Library